000 01005cab a2200337 4500
001 ABS50105
008 090401t1994 xxu||||| |||| 00| 0 eng d
035 _a(Sirsi) u74196
041 _aeng
100 _aPurkiss, A.
245 3 _aAn epitaph to speculation
260 _c1994
350 _a0
490 _aAccountancy
_v113(1207) March 1994, 36-39(4)
520 _aThe recent history of the Church Commissioners` property strategy, which, hit by the recession, has led to devastating losses for the Church.
650 _aASHFORD GREAT PARK
650 _aASHFORD
650 _aCHURCH COMMISSIONERS
650 _aEUROPEAN LAND
650 _aGATESHEAD
650 _aHEMEL HEMPSTEAD
650 _aIMRY
650 _aMARLOWES CENTRE
650 _aMETROCENTRE
650 _aPROPERTY INVESTMENT
650 _aRECESSION
690 _aPROPERTY-COMMERCIAL PROPERTY-COMMERCIAL PROPERTY FINANCE AND INVESTMENT
690 _aPROFESSIONAL PRACTICE
942 _n0
948 _c04/03/1997
999 _c46835
_d46835